000 00301nam a22001337a 4500
008 190222b xxu||||| |||| 00| 0 eng d
020 _a9780073370637
041 _aeng
080 _212th
_a616-053.2
100 _a8
101 _aPED
245 _aChild Development
_cSantrock, J.W
942 _2udc
_cBK
999 _c54123
_d54123